Central Library OPAC University of Rajshahi

Veterinary toxicology / (Record no. 68366)

MARC details
000 -LEADER
fixed length control field 00829nam a2200265 a 4500
001 - CONTROL NUMBER
control field 68366
003 - CONTROL NUMBER IDENTIFIER
rucl marc code BD-RjUL
005 - DATE AND TIME OF LATEST TRANSACTION
control field 20211209081748.0
008 - FIXED-LENGTH DATA ELEMENTS--GENERAL INFORMATION
fixed length control field 000925s2001 maua b 001 0 eng c
020 ## - INTERNATIONAL STANDARD BOOK NUMBER
International Standard Book Number 0750672404 (alk. paper)
035 ## - SYSTEM CONTROL NUMBER
System control number (BD-RjUL)68576
040 ## - CATALOGING SOURCE
Original cataloging agency DNLM/DLC
Transcribing agency DLC
Modifying agency DLC
-- BD-RjUL
Language of cataloging eng
041 ## - LANGUAGE CODE
Language code of text/sound track or separate title eng
082 00 - DEWEY DECIMAL CLASSIFICATION NUMBER
Edition number 23
Classification number 636.089
Author mark and year ROV 2001
100 1# - MAIN ENTRY--PERSONAL NAME
Personal name Roder, Joseph D.
9 (RLIN) 202684
245 10 - TITLE STATEMENT
Title Veterinary toxicology /
Statement of responsibility, etc. Joseph D. Roder.
260 ## - PUBLICATION, DISTRIBUTION, ETC. (IMPRINT)
Place of publication, distribution, etc. Boston :
Name of publisher, distributor, etc. Butterwoth-Heinemann,
Date of publication, distribution, etc. c2001.
300 ## - PHYSICAL DESCRIPTION
Pagination x, 403 p. :
Illustrations ill. ;
Size 22 cm.
504 ## - BIBLIOGRAPHY, ETC. NOTE
Bibliography, etc Includes bibliographical references and index.
650 #0 - SUBJECT ADDED ENTRY--TOPICAL TERM
Topical term or geographic name as entry element Veterinary Science
9 (RLIN) 162774
Topical term or geographic name as entry element Veterinary Medicine.
9 (RLIN) 201874
830 ## - SERIES ADDED ENTRY--UNIFORM TITLE
Uniform title The practical veterinarian
942 ## - ADDED ENTRY ELEMENTS (KOHA)
Source of classification or shelving scheme Dewey Decimal Classification
Koha item type Books
Holdings
Lost status Source of classification or shelving scheme Damaged status Not for loan Collection code Permanent Location Current Location Shelving location Date acquired Source of acquisition Cost, normal purchase price Total Checkouts Full call number Date last seen Copy number Koha item type
  Dewey Decimal Classification   Not For Loan Non-fiction Central Library, University of Rajshahi Central Library, University of Rajshahi Reading Room 15/03/2009 Paragon Enterprise ltd., Dhaka 41.95   636.089 ROV 2001 02/04/2017 C-1 Books